Hệ thống các văn bản quy định về tiêu chuẩn đánh giá xếp loại trang thiết bị, cơ sở vật chất trong nhà trường Tập 2
Quy định mới nhất về tiêu chuẩn bàn ghế học sinh trong nhà trường; Quy định về danh mục thiết bị dạy học tối thiểu cấp trung học phổ thông; Quy định về danh mục thiết bị dạy học tối thiểu cấp THCS...
Bewaard in:
| Andere auteurs: | , |
|---|---|
| Formaat: | Boek |
| Taal: | Vietnamese |
| Gepubliceerd in: |
Tp.HCM
Lao động
2011
|
| Onderwerpen: | |
| Tags: |
Voeg label toe
Geen labels, Wees de eerste die dit record labelt!
|
| Thư viện lưu trữ: | Mạng thư viện Đại học Đà Nẵng |
|---|
| LEADER | 01904nam a2200409 4500 | ||
|---|---|---|---|
| 001 | 000019249 | ||
| 003 | 15684 | ||
| 005 | 20140404160409.0 | ||
| 008 | 140404s2011 viesd | ||
| 020 | |c 298000 | ||
| 041 | 0 | |a vie | |
| 082 | 1 | 4 | |a 344.59707 |b Hêt |
| 245 | 0 | 0 | |a Hệ thống các văn bản quy định về tiêu chuẩn đánh giá xếp loại trang thiết bị, cơ sở vật chất trong nhà trường |b Tập 2 |c Quý Long, Kim Thư sưu tầm và hệ thống hóa |
| 246 | |a Hệ thống các văn bản qui định về tiêu chuẩn đánh giá xếp loại trang thiết bị, cơ sở vật chất trong nhà trường | ||
| 260 | |a Tp.HCM |b Lao động |c 2011 | ||
| 300 | |a 511 tr. |c 28 cm. | ||
| 520 | 3 | |a Quy định mới nhất về tiêu chuẩn bàn ghế học sinh trong nhà trường; Quy định về danh mục thiết bị dạy học tối thiểu cấp trung học phổ thông; Quy định về danh mục thiết bị dạy học tối thiểu cấp THCS... | |
| 650 | 0 | 4 | |a Giáo dục |x Luật pháp |z Việt Nam |
| 653 | |a Luật giáo dục | ||
| 653 | |a Giáo dục Việt Nam | ||
| 653 | |a Văn bản qui định | ||
| 653 | |a Tiêu chuẩn đánh giá xếp loại | ||
| 653 | |a Trang thiết bị | ||
| 653 | |a Cơ sở vật chất | ||
| 653 | |a Trường học | ||
| 700 | 1 | |a Quý Long |e sưu tầm và hệ thống hóa | |
| 700 | 1 | |a Kim Thư |e sưu tầm và hệ thống hóa | |
| OWN | |a LSP | ||
| AVA | |a UDN50 |b LSP |d 344.59707 Hêt |e available |t Error 5001 Not defined in file expand_doc_bib_avail. |f 1 |g 0 |h N |i 0 |k 1 | ||
| 999 | |a From the UDN01 | ||
| AVA | |a UDN50 |b LSP |d 344.59707 Hêt |e available |t Error 5001 Not defined in file expand_doc_bib_avail. |f 1 |g 0 |h N |i 0 |k 1 | ||
| TYP | |a Monograph | ||
| TYP | |a Printed language | ||
| 980 | |a Mạng thư viện Đại học Đà Nẵng | ||